000 00663cab a2200241 4500
001 A393
008 090401t1984 xxu||||| |||| 00| 0 eng d
035 _a(Sirsi) u28945
041 _aeng
100 _aBoyle, C.
245 3 _aAn expert system for valuation of residential properties
260 _c1984
350 _a0
490 _aJournal of Valuation
_v(1984) 2 JV 271-286(16)
650 _aEXPERT SYSTEMS
650 _aHOUSE PRICES
650 _aRESIDENTIAL PROPERTY
_96266
650 _aValuation
_96273
690 _aMANAGEMENT-BUSINESS MANAGEMENT-INFORMATION MANAGEMENT
690 _aRATING AND VALUATION
942 _n0
948 _c04/03/1997
999 _c19475
_d19475